009240000a22002410004500090001400000245010600014650002400120650003300144650002100177650003200198651002000230653003500250653003400285653003200319041001300351700002900364700003000393100002900423942001300452773004200465999001700507952015800524 aARb0207910aChromosome numbers of Heliconiine butterflies from Trinidad, west Indies ()14aEntomología9448314aAnálisis genético97515914aMariposas99302514aSistemática animal992968 4pTrinidad992749 gHeliconiuseHeliconius ethilla gHeliconiuseHeliconius ricini gPhilathriaePhilathria dido0 aInglés1 aCook, Laurence M.9955501 aTurner, John R. G.9955301 aSuomalainen, Esko995545 cARTICULO1 tZoologica3689hWinterq121-124d1971 c11156d11156 001040718HEMEROTECAaBogotabBogotad2015-02-27hFuera de circulaciónl0oAR 02079p012455r2015-03-25 00:00:00t1w2015-03-25xDonaciónyARTICULO